[Event "Let's Play Chess!"]
[Site "http://www.queenalice.com/game.php?id=1068097"]
[Date "2012.6.5"]
[Round "-"]
[White "skorpion"]
[Black "vfraser"]
[Result "1-0"]
[WhiteElo "2759"]
[BlackElo "1804"]

1. e4 e5 2. f4 Qh4+ 3. g3 Qh6 4. fxe5 Bc5 5. Nf3 d6 6. d4 Bb4+ 7. c3 Ba5 8. Bxh6
gxh6 9. Qa4+ Kd8 10. Qxa5 Nc6 11. Qa3 Bg4 12. Nbd2 Nge7 13. exd6 cxd6 14. Qxd6+
Bd7 15. d5 a5 16. dxc6 Nxc6 17. Bh3 Ra6 18. Qxd7# 1-0

[Event "Challenge"]
[Site "http://www.queenalice.com/game.php?id=1069579"]
[Date "2012.6.8"]
[Round "-"]
[White "jujuju"]
[Black "vfraser"]
[Result "1-0"]
[WhiteElo "2171"]
[BlackElo "1804"]

1. d4 d5 2. c4 e6 3. Nc3 c5 4. cxd5 exd5 5. dxc5 Ne7 6. Nf3 Nf5 7. Bg5 Qa5 8. g4
Ne7 9. Bh3 Qxc5 10. Bxe7 Bxe7 11. Nxd5 Bd6 12. O-O O-O 13. Rc1 Qa5 14. Nf6+ gxf6
15. Qxd6 Qxa2 16. Qxf6 Nc6 17. Qg5+ Kh8 18. Qh6 a5 19. Qxf8# 1-0

[Event "Let's Play Chess!"]
[Site "http://www.queenalice.com/game.php?id=1077594"]
[Date "2012.6.30"]
[Round "-"]
[White "skorpion"]
[Black "vfraser"]
[Result "1-0"]
[WhiteElo "2773"]
[BlackElo "1762"]

1. e4 e5 2. f4 Nf6 3. Nf3 Bd6 4. fxe5 Nxe4 5. Qe2 Bc5 6. Qxe4 O-O 7. Bc4 Nc6 8.
Nc3 Be7 9. d4 Bb4 10. Ng5 Bxc3+ 11. bxc3 d6 12. Qxh7# 1-0

[Event "Let's Play Chess!"]
[Site "http://www.queenalice.com/game.php?id=1077865"]
[Date "2012.6.30"]
[Round "-"]
[White "Kingfish"]
[Black "vfraser"]
[Result "1-0"]
[WhiteElo "2029"]
[BlackElo "1796"]

1. e4 e5 2. Nf3 d6 3. Bc4 Ne7 4. Ng5 g6 5. Bxf7+ Kd7 6. Ne6 Bh6 7. Nxd8 Kxd8 8.
Bb3 Rf8 9. O-O Nbc6 10. c3 Bf4 11. d3 b5 12. Nd2 1-0

[Event "Challenge"]
[Site "http://www.queenalice.com/game.php?id=1079732"]
[Date "2012.7.5"]
[Round "-"]
[White "vfraser"]
[Black "Arwan"]
[Result "0-1"]
[WhiteElo "1762"]
[BlackElo "1836"]

1. c4 e5 2. e4 Nf6 3. Nc3 c6 4. Nf3 d6 5. Bd3 Bg4 6. h3 Bh5 7. O-O Be7 8. g4
Nxg4 9. hxg4 Bxg4 10. Be2 O-O 11. b4 Nd7 12. c5 dxc5 13. b5 cxb5 14. Bxb5 Nf6
15. Qe1 Bxf3 16. Ba3 Qc8 17. Nd5 Qg4+ 18. Kh2 Qg2# 0-1

[Event "Challenge"]
[Site "http://www.queenalice.com/game.php?id=1083136"]
[Date "2012.7.15"]
[Round "-"]
[White "vfraser"]
[Black "Vladimir"]
[Result "0-1"]
[WhiteElo "1654"]
[BlackElo "1791"]

1. c4 e5 2. Nc3 Nf6 3. e4 Bb4 4. Be2 Bxc3 5. dxc3 Nxe4 6. f3 Nf6 7. Qb3 Nc6 8.
Bd3 h6 9. Bf5 O-O 10. Ne2 b6 11. O-O d5 12. f4 Bxf5 13. c5 Na5 14. fxe5 Nxb3 15.
exf6 Nxa1 16. Rxf5 gxf6 17. Bxh6 Re8 18. Rh5 Rxe2 19. Bf4 Qd7 20. Rh6 Qg4 21.
Bxc7 Qxg2# 0-1

[Event "Challenge"]
[Site "http://www.queenalice.com/game.php?id=1086112"]
[Date "2012.7.23"]
[Round "-"]
[White "antcabral"]
[Black "vfraser"]
[Result "1-0"]
[WhiteElo "1802"]
[BlackElo "1564"]

1. e4 e5 2. Qh5 Nf6 3. Qxe5+ Qe7 4. Qxc7 Nc6 5. f3 Nd4 6. Bd3 Qe6 7. c3 Nc2+ 8.
Bxc2 a5 9. d3 Qc6 10. Qe5+ Be7 11. Qg5 d6 12. Be3 O-O 13. Qg3 Be6 14. Bh6 Nh5
15. Qf2 Nf4 16. Bxf4 d5 17. e5 Rfc8 18. Ne2 Bf5 19. Nd4 Qg6 20. Nxf5 Qxf5 21.
Bg3 Bc5 22. d4 Qd7 23. dxc5 b5 24. O-O d4 25. cxd4 f6 26. exf6 b4 27. fxg7 Kxg7
28. Be5+ Kf7 29. Qh4 Qd5 30. Qf6+ Ke8 31. Re1 Qc4 32. Bf4+ Kd7 33. Bf5+ Qe6 34.
Qxe6+ Kd8 35. Qe7# 1-0

[Event "Challenge"]
[Site "http://www.queenalice.com/game.php?id=1087389"]
[Date "2012.7.27"]
[Round "-"]
[White "vfraser"]
[Black "piemme"]
[Result "0-1"]
[WhiteElo "1685"]
[BlackElo "1736"]

1. c4 c5 2. e4 e5 3. Nf3 d6 4. Bd3 Nf6 5. Ng5 Nxe4 6. Bxe4 Qxg5 7. O-O Bh3 8. b4
Nc6 9. Re1 f5 10. Bxc6+ bxc6 11. Qa4 Qxg2# 0-1

[Event "Challenge"]
[Site "http://www.queenalice.com/game.php?id=1089445"]
[Date "2012.8.1"]
[Round "-"]
[White "Andrei_78"]
[Black "vfraser"]
[Result "1-0"]
[WhiteElo "1661"]
[BlackElo "1583"]

1. e4 e5 2. Nf3 Bc5 3. Nxe5 Nf6 4. d4 Bb4+ 5. c3 Ba5 6. Bd3 O-O 7. h3 Nc6 8. O-O
d6 9. Nxc6 bxc6 10. Bg5 Rb8 11. Qc2 c5 12. d5 Qe8 13. Bxf6 gxf6 14. Na3 c6 15.
Nc4 Bb7 16. Nxa5 Bc8 17. Nxc6 Ra8 18. Qe2 f5 19. Rfe1 fxe4 20. Bxe4 f6 21. Bxh7+
Kxh7 22. Qxe8 Rxe8 23. Rxe8 f5 24. Rae1 Bd7 25. Na5 Rxe8 26. Rxe8 Bxe8 27. Nb7
Bb5 28. Nxd6 Be2 29. Nxf5 Bd3 30. Ne3 Bb1 31. a3 Be4 32. d6 Bb1 33. g4 Ba2 34.
d7 Kh6 35. d8=Q c4 36. Qf6+ Kh7 37. Nf5 Bb3 38. Qg7# 1-0

[Event "Challenge"]
[Site "http://www.queenalice.com/game.php?id=1090655"]
[Date "2012.8.6"]
[Round "-"]
[White "vfraser"]
[Black "piemme"]
[Result "0-1"]
[WhiteElo "1595"]
[BlackElo "1796"]

1. c4 c5 2. Nf3 d6 3. e3 Bg4 4. Be2 Nf6 5. e4 Nxe4 6. O-O Nd7 7. Nc3 Nxc3 8. Qc2
Nxe2+ 9. Kh1 e5 10. Qe4 Bxf3 11. Qf5 Bc6 12. f4 Nf6 13. fxe5 Nd4 14. Qf4 dxe5
15. Qxe5+ Be7 16. d3 a6 17. Bg5 O-O 18. Rae1 Bd6 19. Qxf6 gxf6 20. Rxf6 Qc7 21.
Rh6 Nf5 22. Kg1 Nxh6 23. Bxh6 Bxh2+ 24. Kf2 Bg3+ 25. Ke2 Rfe8+ 26. Kd1 Rxe1+ 27.
Kc2 Ba4+ 28. Kc3 Qe5+ 29. d4 Qxd4# 0-1

[Event "pra cima deles CEARÁ"]
[Site "http://www.queenalice.com/game.php?id=1092196"]
[Date "2012.8.11"]
[Round "-"]
[White "vfraser"]
[Black "jw16js"]
[Result "0-1"]
[WhiteElo "1540"]
[BlackElo "1536"]

1. c4 c5 2. Nf3 e6 3. Ne5 Bd6 4. f4 f6 5. Qc2 fxe5 6. g3 exf4 7. Nc3 fxg3 8. Bg2
Na6 9. Nb5 Nb4 10. Qe4 Qb6 11. O-O gxh2+ 12. Kf2 Nf6 13. Qh4 Nc2 14. Rb1 Rf8 15.
e4 Nxe4+ 16. Ke2 Ng3+ 17. Kd1 Nxf1 18. Kxc2 Be5 19. Qxh7 a6 20. Nc3 Rf2 21. Qh8+
Rf8 22. Qh5+ Rf7 23. Qh8+ Rf8 24. Na4 Qd6 25. Qh5+ Rf7 26. Qh8+ Rf8 27. Qh5+ Kd8
28. Bxf1 Rxf1 29. Qh8+ Kc7 30. Qe8 h1=Q 31. b3 Qh7+ 32. d3 Qh2+ 33. Bd2 Rxb1 34.
Qg6 Rg1 35. Qe8 Qh3 36. Ba5+ Kc6 37. Nb6 Qhxd3# 0-1

[Event "Challenge"]
[Site "http://www.queenalice.com/game.php?id=1100928"]
[Date "2012.9.8"]
[Round "-"]
[White "piemme"]
[Black "vfraser"]
[Result "1-0"]
[WhiteElo "1812"]
[BlackElo "1505"]

1. e4 e5 2. Bc4 Nf6 3. Nc3 Nc6 4. d3 Nd4 5. Nf3 Ng4 6. Ng5 Nf6 7. Nxf7 Qe7 8.
Nxh8 c5 9. Bg5 h6 10. Bxf6 Qxf6 11. Nd5 Qg5 12. Nc7+ Kd8 13. Nf7+ Kxc7 14. Nxg5
d6 15. Nh7 Be7 16. O-O Bh4 17. c3 Bd7 18. g3 Bg5 19. Nxg5 Bc6 20. Ne6+ Kd7 21.
Nxg7 b5 22. Bd5 Rf8 23. Nf5 b4 24. Bxc6+ Nxc6 25. Qh5 bxc3 26. bxc3 Na5 27. Qxh6
Rb8 28. Qg7+ Kc6 29. Qxa7 Rb5 30. Qa6+ Rb6 31. Qxa5 Rb2 32. Ne7+ Kd7 33. Qa7+
Ke6 34. f4 Rc2 35. f5+ Kf6 36. g4 Rxc3 37. Rf3 c4 38. dxc4 Rxf3 39. Nd5+ Kg5 40.
Qg7+ Kh4 41. Qh6+ Kxg4 42. Nf6# 1-0

[Event "Challenge"]
[Site "http://www.queenalice.com/game.php?id=1103538"]
[Date "2012.9.16"]
[Round "-"]
[White "soudeDeus"]
[Black "vfraser"]
[Result "1-0"]
[WhiteElo "1596"]
[BlackElo "1520"]

1. g3 f5 2. Bg2 Nf6 3. h3 e6 4. b3 Bb4 5. Bb2 O-O 6. a3 Ba5 7. c3 Ne4 8. Bxe4
fxe4 9. b4 Bb6 10. e3 Qf6 11. Qe2 Nc6 12. f3 exf3 13. Nxf3 g5 14. g4 Ne5 15.
Nxe5 Qxe5 16. d4 Qg3+ 17. Kd1 Qf2 18. Qxf2 Rxf2 19. Ra2 d5 20. Nd2 e5 21. Rf1
Rg2 22. Kc2 exd4 23. exd4 Be6 24. Raa1 c5 25. dxc5 Bc7 26. Rae1 Bd7 27. Re7 Bc6
28. Rxc7 1-0

[Event "Vamos continuar nos divertindo?"]
[Site "http://www.queenalice.com/game.php?id=1111020"]
[Date "2012.10.10"]
[Round "-"]
[White "Vladimir"]
[Black "vfraser"]
[Result "1-0"]
[WhiteElo "1800"]
[BlackElo "1501"]

1. d4 d5 2. c4 dxc4 3. e4 b5 4. a3 g6 5. h3 Nf6 6. Nc3 Bg7 7. Bg5 O-O 8. e5 Bb7
9. exf6 exf6 10. Bh4 Nc6 11. Nf3 g5 12. Bg3 h6 13. Be2 f5 14. Nxb5 g4 15. hxg4
fxg4 16. Nh4 Re8 17. Nxc7 Re4 18. Nxa8 Bxa8 19. d5 Bxb2 20. dxc6 Bc3+ 21. Kf1
Qd2 22. Qxd2 Bxd2 23. c7 Bb7 24. Rb1 c3 25. Rxb7 c2 26. c8=Q+ Kg7 27. Qxc2 Re6
28. Qf5 Rc6 29. Qxf7+ Kh8 30. Qf8# 1-0